Personnages Historiques par images (difficile) - Statistiques

Statistiques générales
  • Ce quiz a été pris 237 fois
  • Le résultat moyen est 3 sur 16
Statistiques - réponses
Par images Réponse % Correct
Jules Mazarin
56%
Kofi Annan
47%
Louise Michel
47%
Joachim Murat
36%
Méhémet Ali
26%
Ahmed Chah Massoud
23%
Mohammad Pahlavi
21%
Helmut Kohl
18%
Blanche de Castille
15%
Bobby Fischer
11%
Theodort Herzl
11%
Francisco Pizarro
10%
Giuseppe Verdi
10%
Bernard de Clairvaux
7%
Alan Shepard
3%
Richard Francis Burton
2%
Aucun quiz correspondant
Distribution des résultats
% des personnes avec chaque résultat
Percentile par nombre de réponses
Votre historique - résultats
Vous n’avez pas pris ce quiz